000 00448pab a2200181 454500
008 180718b2017 xxu||||| |||| 00| 0 eng d
100 _aFerguson, Kathy E.
245 _aAnarchist women and and politics of walking
260 _c2017
300 _ap.708-719.
362 _aDec
650 _aFeminism
650 _aAnarchism
650 _aWomen and politics
650 _aWomen
773 _aPolitical Research Quarterly
909 _a116861
999 _c116855
_d116855